Central Africa: crises, reform, and construction (Record no. 36953)

MARC details
000 -LEADER
fixed length control field 00916nam a2200229 a 4500
008 - FIXED-LENGTH DATA ELEMENTS--GENERAL INFORMATION
fixed length control field 120416s2005 ||||||||||||||||| || u
020 ## - INTERNATIONAL STANDARD BOOK NUMBER
International Standard Book Number 2869781512
050 ## - LIBRARY OF CONGRESS CALL NUMBER
Classification number DT 352.8 Cen
100 ## - MAIN ENTRY--PERSONAL NAME
Personal name Forje, John W
245 10 - TITLE STATEMENT
Title Central Africa: crises, reform, and construction
Statement of responsibility, etc. edited by E.S.D. Fomin; [and others]
260 ## - PUBLICATION, DISTRIBUTION, ETC.
Place of publication, distribution, etc. Dakar, Senegal :
Name of publisher, distributor, etc. CODESRIA
Date of publication, distribution, etc. 2005
300 ## - PHYSICAL DESCRIPTION
Extent ix, 258p. : ill.
350 ## - PRICE (NR) (BK AM CF MU VM SE) [OBSOLETE]
Price 0.00
490 ## - SERIES STATEMENT
Series statement CODESRIA Book series
500 ## - GENERAL NOTE
General note Bibliography
650 #0 - SUBJECT ADDED ENTRY--TOPICAL TERM
Topical term or geographic name entry element AFRICA, CENTRAL--ECONOMIC CONDITIONS--1960-
650 ## - SUBJECT ADDED ENTRY--TOPICAL TERM
Topical term or geographic name entry element AFRICA,CENTRAL--POLITICTS AND GOVERNMENT--1960-
650 #7 - SUBJECT ADDED ENTRY--TOPICAL TERM
Topical term or geographic name entry element AFRICA
Source of heading or term fast
700 ## - ADDED ENTRY--PERSONAL NAME
Personal name Fomin, E.S.D
710 ## - ADDED ENTRY--CORPORATE NAME
Corporate name or jurisdiction name as entry element Council for the Development of Social Science Research in Africa (CODESRIA)
995 ## - RECOMMENDATION 995 [LOCAL, UNIMARC FRANCE]
-- 0.00
-- CBU-MAIN LIBRARY (Kitwe)
-- 1
-- 30.00
-- 1
-- AVAILABLE
-- Sep 7, 2006
-- Main Library Open Access Collection
Holdings
Withdrawn status Lost status Source of classification or shelving scheme Damaged status Not for loan Home library Current library Shelving location Date acquired Total Checkouts Full call number Barcode Date last seen Price effective from Koha item type
          CBU-MAIN LIBRARY, KITWE. CBU-MAIN LIBRARY, KITWE.   11/30/2022   DT 352.8 Cen 40007 11/30/2022 11/30/2022 MONOGRAPH